| 000 | 00548nam a2200181 a 4500 | ||
|---|---|---|---|
| 001 | 000023082 | ||
| 005 | 20240513194432.0 | ||
| 008 | 101126s1981 mx a r 001 0 spa d | ||
| 040 |
_aDO-SdBNP _bspa _cBNPHU |
||
| 082 |
_a004.33 _bG799c |
||
| 100 | 1 |
_aGreene, James H. _947523 |
|
| 245 | 1 | 0 |
_aControl de la producción / _cJames H. Greene. |
| 260 |
_aMéxico : _bDiana, _c1981. |
||
| 300 |
_a710 p. : _bil. ; _c24 cm. |
||
| 650 | 0 |
_aProcesamiento electrónico de datos _92306 |
|
| 650 | 4 |
_aEstructura de datos (computadores) _943946 |
|
| 049 | _aBNGR | ||
| 999 |
_c22579 _d22579 |
||